兰新铁路、兰新客专所有客运车站 Lanzhou-Xinjiang Railway stations - Statistics

General Stats
  • This quiz has been taken 27 times
  • The average score is 39 of 65
Answer Stats
线路 地市 车站 % Correct
兰新铁路 兰州 兰州
100%
兰新铁路 酒泉 酒泉
100%
兰新铁路 嘉峪关 嘉峪关
100%
兰新铁路 兰州 兰州西
95%
兰新铁路 张掖 张掖
95%
兰新铁路 乌鲁木齐 乌鲁木齐
95%
兰新客专 兰州 兰州西
95%
兰新客专 乌鲁木齐 乌鲁木齐
95%
兰新铁路 武威 武威
91%
兰新铁路 金昌 金昌
86%
兰新铁路 乌鲁木齐 乌鲁木齐南
86%
兰新客专 海东 海东
86%
兰新客专 西宁 西宁
86%
兰新客专 哈密 哈密
86%
兰新客专 吐鲁番 吐鲁番北
86%
兰新客专 乌鲁木齐 乌鲁木齐南
86%
兰新铁路 张掖 山丹
82%
兰新铁路 酒泉 玉门
82%
兰新铁路 酒泉 柳园
82%
兰新客专 嘉峪关 嘉峪关南
82%
兰新客专 酒泉 玉门
82%
兰新客专 张掖 山丹马场
77%
兰新客专 张掖 张掖西
77%
兰新客专 酒泉 酒泉南
77%
兰新客专 吐鲁番 鄯善北
73%
兰新铁路 武威 武威南
68%
兰新客专 海北 门源
68%
兰新铁路 兰州 西固城
64%
兰新铁路 昌吉 玛纳斯
64%
兰新铁路 兵团 石河子
64%
兰新铁路 伊犁 奎屯
59%
兰新铁路 博尔塔拉 阿拉山口
59%
兰新客专 海东 海东西
59%
兰新客专 西宁 大通西
59%
兰新客专 张掖 民乐
59%
兰新客专 酒泉 柳园南
59%
兰新铁路 张掖 临泽
55%
兰新铁路 张掖 高台
55%
兰新铁路 塔城 沙湾市
55%
兰新客专 海东 民和南
55%
兰新铁路 兰州 陈官营
50%
兰新铁路 兰州 永登
50%
兰新铁路 武威 天祝
50%
兰新铁路 酒泉 清水
50%
兰新铁路 塔城 乌苏
50%
兰新铁路 博尔塔拉 精河
50%
兰新客专 张掖 临泽南
50%
兰新客专 张掖 高台南
50%
兰新铁路 武威 古浪
45%
兰新客专 酒泉 清水北
45%
兰新客专 吐鲁番 吐哈
45%
兰新铁路 兰州 河口南
27%
兰新铁路 金昌 玉石
27%
兰新铁路 酒泉 疏勒河
27%
兰新铁路 金昌 芨岭
23%
兰新铁路 酒泉 柳沟
23%
兰新铁路 兰州 坡底下
18%
兰新铁路 酒泉 低窝铺
18%
兰新铁路 兰州 龙泉寺
14%
兰新铁路 武威 打柴沟
14%
兰新铁路 武威 龙沟
14%
兰新铁路 武威 黄羊镇
14%
兰新铁路 张掖 平原堡
14%
兰新铁路 张掖 许三湾
14%
兰新铁路 酒泉 桥湾
14%
No matching quizzes found
Score Distribution
Percent of People with Each Score
Percentile by Number Answered
Your Score History
You have not taken this quiz